<?xml version="1.0" encoding="UTF-8"?><?xml-stylesheet type="text/xsl" href="static/style.xsl"?><OAI-PMH xmlns="http://www.openarchives.org/OAI/2.0/" xmlns:xsi="http://www.w3.org/2001/XMLSchema-instance" xsi:schemaLocation="http://www.openarchives.org/OAI/2.0/ http://www.openarchives.org/OAI/2.0/OAI-PMH.xsd"><responseDate>2026-06-05T17:56:00Z</responseDate><request verb="GetRecord" identifier="oai:riuma.uma.es:10630/26034" metadataPrefix="marc">https://riuma.uma.es/rest/oai/request</request><GetRecord><record><header><identifier>oai:riuma.uma.es:10630/26034</identifier><datestamp>2026-02-03T10:21:21Z</datestamp><setSpec>com_10630_1685</setSpec><setSpec>col_10630_38055</setSpec></header><metadata><record xmlns="http://www.loc.gov/MARC21/slim" xmlns:dcterms="http://purl.org/dc/terms/" xmlns:doc="http://www.lyncode.com/xoai" xmlns:xsi="http://www.w3.org/2001/XMLSchema-instance" xsi:schemaLocation="http://www.loc.gov/MARC21/slim http://www.loc.gov/standards/marcxml/schema/MARC21slim.xsd">
   <leader>00925njm 22002777a 4500</leader>
   <datafield ind2=" " ind1=" " tag="042">
      <subfield code="a">dc</subfield>
   </datafield>
   <datafield ind2=" " ind1=" " tag="720">
      <subfield code="a">Reina Delgado, Lorenzo</subfield>
      <subfield code="e">author</subfield>
   </datafield>
   <datafield ind2=" " ind1=" " tag="260">
      <subfield code="c">2022-09</subfield>
   </datafield>
   <datafield ind2=" " ind1=" " tag="520">
      <subfield code="a">Este trabajo de fin de grado se centra en el paquete fcaR, creado para el lenguaje de programación R, el cual implementa los principales métodos y funciones del&#xd;
Análisis de Conceptos Formales. Este es un paradigma algebraico-lógico para el&#xd;
tratamiento de datos en forma de tabla que permite descubrir conocimiento dentro de un conjunto de datos usando el retículo de conceptos y las implicaciones&#xd;
lógicas.&#xd;
El problema a solucionar reside en que el cáculo de sus algoritmos tiene una&#xd;
alta complejidad computacional, siendo necesario el uso de librerías específicas&#xd;
de perfilado y medición del rendimiento, virtualización y herramientas de depuración y análisis para detectar los cuellos de botella de las implementaciones actuales.&#xd;
Con todo ello, se proponen implementaciones que mejoran el tiempo de ejecución aplicando técnicas de escritura de código más eficientes, estructuras de&#xd;
datos optimizadas y haciendo uso del lenguaje de programación C++, enfocado a&#xd;
la eficiencia en el uso de recursos, además de otras librerías para la integración de&#xd;
ambos lenguajes de programación.</subfield>
   </datafield>
   <datafield ind1="8" ind2=" " tag="024">
      <subfield code="a">https://hdl.handle.net/10630/26034</subfield>
   </datafield>
   <datafield tag="653" ind2=" " ind1=" ">
      <subfield code="a">R (Lenguaje de programación)</subfield>
   </datafield>
   <datafield tag="653" ind2=" " ind1=" ">
      <subfield code="a">C++ (Lenguaje de programación)</subfield>
   </datafield>
   <datafield tag="653" ind2=" " ind1=" ">
      <subfield code="a">Informática - Trabajos Fin de Grado</subfield>
   </datafield>
   <datafield tag="653" ind2=" " ind1=" ">
      <subfield code="a">Grado en Ingeniería Informática - Trabajos Fin de Grado</subfield>
   </datafield>
   <datafield ind2="0" ind1="0" tag="245">
      <subfield code="a">Optimización de algoritmos de fca en R usando el lenguaje de programación C++</subfield>
   </datafield>
</record>
</metadata></record></GetRecord></OAI-PMH>